Pernatí predátori a holuby

Bibliographic Details
Main Author: Hrabal, Jozef (Author)
Format: Article
Language:Slovak
Subjects:

MARC

LEADER 00000nab a2200000 a 4500
001 vtls000547555
003 SK-MaSNL
005 20260303225111.0
008 140328c1995 xo 0 slo
015 |a SNBRB19rr/mm-uuuuu 
035 |a CL0547693 
040 |a SNKBUCL  |b slo  |c SNKBUCL  |e AACR2 
041 0 |a slo 
044 |a xo  |c SK 
080 |a 636.596.092.3:591.531.2:598.9  |2 1981 
080 |a 591.531.2  |2 1981 
080 |a 598.9  |2 1981 
100 1 |a Hrabal, Jozef  |4 aut  |9 362609 
245 1 0 |a Pernatí predátori a holuby  |c Jozef Hrabal 
650 0 7 |a holuby  |2 snkbucl  |9 2798 
650 0 7 |a dravé vtáky  |2 snkbucl  |9 31255 
655 7 |a články z novín a časopisov  |2 snkbucl  |9 267496 
773 0 |t Chovateľ  |g Roč. 31, č. 5 (1995), s. 198-199 
850 |a Slovenská národná knižnica v Martine  |a MTA001 
852 |a SNK  |b KIS3GCP 
958 |a RK 
992 |a RBX 
999 |c 2255672  |d 2257602